Modern painting and its roots in european tradition

Saved in:
Bibliographic Details
Main Author: Brill, Reginald (Author)
Format: Book
Language:English
Published: Londres Avalon Press 1946
Edition:1a. ed
Subjects:
Tags: Add Tag
No Tags, Be the first to tag this record!

MARC

LEADER 00000cam a2200000 a 4500
001 UCE2066
003 CL-VaPUC
008 140605e19460000uk |||||||||||||||||eng|d
082 0 4 |a 759.06  |b BRI  |2 21 
100 0 |a Brill, Reginald  |e author  |9 574542 
245 1 0 |a Modern painting and its roots in european tradition 
250 |a 1a. ed 
300 |a 28 p 
942 |c BK 
945 |d 20140605 14:22:00  |a dcastane 
260 |a Londres  |b Avalon Press  |c 1946 
650 0 |a Historia del arte  |9 314877 
650 0 |a Arte moderno  |9 265333 
650 0 |a Estilos artísticos  |9 340996 
583 |a last modification  |c 20140605 14:22:00  |k Rodrigo Vera 
999 |c 355743  |d 355741 
952 |0 0  |1 0  |3 erd  |4 0  |6 759_060000000000000_BRI_1946  |7 0  |8 A  |9 462579  |a BIBART  |b BIBART  |i 5056756  |o 759.06 BRI 1946  |p 5056756  |r 2025-03-13  |w 2019-11-23  |y BK  |z Catalogado en:20140605  |k ART